Online Catalogue and eLibrary

Sri Lankawe bhashaayithiwasikam : (Record no. 5162)

MARC details
000 -LEADER
fixed length control field 00497nam a2200157Ia 4500
005 - DATE AND TIME OF LATEST TRANSACTION
control field 20250703010859.0
008 - FIXED-LENGTH DATA ELEMENTS--GENERAL INFORMATION
fixed length control field 240331s9999 xx 000 0 und d
020 ## - INTERNATIONAL STANDARD BOOK NUMBER
ISBN 9789551302177
082 ## - DDC Classification
Item Number - Author Mark SRI
Class No. 495
245 #0 - TITLE STATEMENT
Title Sri Lankawe bhashaayithiwasikam :
Remainder of title Demala bhashawa rajya bhashawak lesa balathmaka kireema
260 ## - PUBLICATION, DISTRIBUTION, ETC.
Place of publication, distribution, etc. Sri Lanka
Name of publisher, distributor, etc. Laughter and Social Car
Date of publication, distribution, etc. 2008
300 ## - PHYSICAL DESCRIPTION
Extent (e.g. Volumes, Pages etc.) 166 p ., ( c 2)
500 ## - GENERAL NOTE
General note A book on Language Rights in Sri Lanka
700 ## - ADDED ENTRY--PERSONAL NAME
Personal name Skandhasami,B.
Relator term (Role) Editor
942 ## - Koha item type (Biblio)
Koha item type Books in Stacks (Lending)
Holdings
Lost status Damaged status Collection code Home library Current library Shelving location Date acquired Full call number Accession Number Item type
    Lending WERC Library WERC Library Social Science Cupboard 03/31/2024 495 SRI 6435 Books in Stacks (Lending)

© WERC Library